00404nam a2200109Ia 4500008004100000050002200041100001900063245009400082260008600176300002000262521001200282140724s9999 xx 000 0 und d aRT 89b.C175 2013 aCambi, Josiah. aStress indicators among 3rd year undergraduate students in a BSN Program /cJosiah Cambi. aLas Piñas, Philippines :bSouthville International School and Colleges,cc2013. a62 p. :c28 cm. aNursing